| 000 | 01745nam a22003017a 4500 | ||
|---|---|---|---|
| 001 | 1562 | ||
| 003 | FISKH | ||
| 005 | 20231002115421.0 | ||
| 008 | 230907b cb ||||| |||| 00| 0 khr d | ||
| 020 | _a9789996305429 | ||
| 040 |
_aFISKH _beng _cFISKH _dFISKH |
||
| 082 | _a658.11 | ||
| 100 | _aAnonymous | ||
| 245 | _aអាជីវកម្មខ្នាតតូចបំផុត / | ||
| 250 | _aបោះពុម្ពលើកទី៣ មិថុនា ២០២១ | ||
| 260 |
_aPhnom Penh : _bSipar, _c2021. |
||
| 300 |
_a40 pages : _bcolor illustrations ; _c29 cm |
||
| 490 | _aបំនិនជីវិត | ||
| 505 | _aZ' | ||
| 520 | _aបង្ហាញពីដំណើរការគ្រប់គ្រងអាជីវកម្មខ្នាតតូច រួមមាន ៖ ការបង្កើតអាជីវកម្មខ្នាតតូច ការគ្រប់គ្រងផែនការថវិកា និងហិរញ្ញវត្ថុ ការសន្សំ និងកម្ចី ការប្រកួតប្រជែង និងរបៀបដោះស្រាយបញ្ហា។ | ||
| 520 | _aDemonstrates the process of managing a small business, including: setting up a small business, managing budget and financial plans, savings and loans, competition, and problem solving. | ||
| 521 | 8 |
_a1120
_bLexile estimate |
|
| 521 | 8 |
_aZ'
_bRaz-Plus |
|
| 650 |
_aអាជីវកម្មខ្នាតតូច _vថវិកា _xការគ្រប់គ្រង _yហិរញ្ញវត្ថុ |
||
| 650 |
_aSmall business _vBudget _xManagement _yFinancial |
||
| 700 |
_aRatha, Ouk _eillustrator |
||
| 942 |
_2ddc _cBK _n0 |
||
| 999 |
_c1562 _d1562 |
||